| 000 | 00621nam a22001457a 4500 | ||
|---|---|---|---|
| 020 | _a0-552-14923-3 | ||
| 082 |
_a823 _bFOR/V |
||
| 100 | _aFORSYTH,FREDERICK | ||
| 245 | _aTHE VETERAN | ||
| 260 |
_aLONDON _bCORGI BOOKS |
||
| 300 | _a461 | ||
| 520 | _aOn a grimy sidewalk in a defeated neighborhood, an old man is beaten to death. When a cop investigates, he finds two killers and a startling legacy of honor ... In a prestigious London art gallery an impoverished actor is swindled out of a fortune-until an eccentric appraiser hatches a delicious scheme for revenge... | ||
| 650 |
_aENGLISH- NOVEL _zLONDON |
||
| 942 | _cBK | ||
| 999 |
_c3161 _d3161 |
||